Urbasik aus Stöblau und Warmunthau im Kreis Cosel (Oberschlesien)
| Titel: | Urbasik aus Stöblau und Warmunthau im Kreis Cosel (Oberschlesien) / nach den Aufzeichnungen von Walter Kallabis (†) mitgeteilt von Winfried Kallabis |
|---|---|
| Verfasser: | |
| Beteiligt: | |
| In: |
Archiv ostdeutscher Familienforscher, Band 24 (2016 [2017]), Seite 32-36 alle Artikel anzeigen |
| Veröffentlicht: | 2017 |
| Umfang: | 1 Illustration |
| Format: | Aufsatz |
| Sprache: | Deutsch |
X
alg: 46618286 001A $03025:01-07-20 001B $01999:01-07-20 $t23:04:02.000 001D $03025:01-07-20 001U $0utf8 001X $00 002@ $0Aou 002C $aText $btxt $2rdacontent 002D $aohne Hilfsmittel zu benutzen $bn $2rdamedia 002E $aBand $bnc $2rdacarrier 003@ $0466182864 007A $0466182864 $aHEB 010@ $ager 010E $erda 011@ $a2016 $n2017 021A $aUrbasik aus Stöblau und Warmunthau im Kreis Cosel (Oberschlesien) $hnach den Aufzeichnungen von Walter Kallabis (†) mitgeteilt von Winfried Kallabis 028A $BZusammenstellender $4com $71034922793 $8Kallabis, Walter$Z1901-1995 [Tp4] $932165188X 028C $BMitwirkender $4ctb $71036338509 $8Kallabis, Winfried$Z1947- [Tp3] $9322959241 031A $d24 $h32-36 $j2016 [2017] 034M $a1 Illustration 039B $aEnthalten in $8--Abvc--. Archiv ostdeutscher Familienforscher. - Herne : Arbeitsgem. Ostdt. Familienforscher, 1952-. - ISSN 0003-9470 $x201600000240000968 $904747002X 044K $8$PUrbasik$lFamilie : 19. Jh.- : Cosel [Tp3] $9466184395 044K $8Warmuntowice$gKędzierzyn-Koźle [Tg3] $9466168101 044K $8Steblów$gKędzierzyn-Koźle [Tg3] $9466184212 044K $RHistorische Hilfswissenschaften $RAbstammung $RLineage $RGenealoge $#Genealogy $#Généalogie $#Genealogie $#Ahnenforschung $#Ahnenkunde $#Familienforschung Genealogie $#Familiengeschichte Genealogie $#Familienkunde $#Historische Familienforschung $#Sippenkunde $#Abstammung Genealogie $#Herkunft Genealogie $74020097-8 $8Genealogie [Ts1] $9085048054 045F $a929.09438509034 $eDDC23BSB 045F/01 $a929 045F/03 $f09034 045F/03 $f0904 045F/03 $g4385 045R $aGeschichte 1830-1995 045T $a8,1 lok: 46618286 78 exp: 46618286 78 1 #EPN 201B/01 $001-07-20 $t10:00:14.000 201C/01 $001-07-20 201U/01 $0utf8 203@/01 $01113778067 208@/01 $a01-07-20 $be 209A/01 $a/ $f000 $x00 209A/01 $ab*p $x01 220C/01 $apgar 244Z/01 $#Schlesien $#Schlesien $#Herzogtum Schlesien $#Herzogtum Schlesien Schlesien $#Provinz Schlesien $#Śla̜sk $#Slezsko $#Silesia $74052678-1 $8--Tg1--Schlesien $x01 $9085146781 247C/01 $82080>Marburg/Lahn, Herder-Institut, Forschungsbibliothek, Bibliographieportal $9336309341
| LEADER | 00000caa a2200000 c 4500 | ||
|---|---|---|---|
| 001 | 466182864 | ||
| 003 | DE-603 | ||
| 005 | 20200701230402.0 | ||
| 007 | tu | ||
| 008 | 200701s2016 xx |||| | u00||u|ger c | ||
| 035 | |a (DE-599)HEB466182864 | ||
| 040 | |a DE-603 |b ger |c DE-603 |d DE-603 |e rda | ||
| 041 | |a ger | ||
| 082 | 0 | 4 | |8 1\u |a 929.09438509034 |q DE-101 |2 23/BSB |
| 084 | |a 8,1 |2 ssgn | ||
| 085 | |8 1\u |b 929 | ||
| 085 | |8 1\u |z 1 |s 09034 | ||
| 085 | |8 1\u |z 1 |s 0904 | ||
| 085 | |8 1\u |z 2 |s 4385 | ||
| 100 | 1 | |a Kallabis, Walter |d 1901-1995 |e Zusammenstellender |4 com |0 (DE-603)32165188X |0 (DE-588)1034922793 |2 gnd | |
| 245 | 0 | 0 | |a Urbasik aus Stöblau und Warmunthau im Kreis Cosel (Oberschlesien) |c nach den Aufzeichnungen von Walter Kallabis (†) mitgeteilt von Winfried Kallabis |
| 264 | 0 | |c 2017 | |
| 300 | |b 1 Illustration | ||
| 336 | |a Text |b txt |2 rdacontent | ||
| 337 | |a ohne Hilfsmittel zu benutzen |b n |2 rdamedia | ||
| 338 | |a Band |b nc |2 rdacarrier | ||
| 600 | 3 | 7 | |a Urbasik |c Familie : 19. Jh.- : Cosel |0 (DE-588)1212945514 |0 (DE-603)466184395 |2 gnd |
| 648 | 7 | |a Geschichte 1830-1995 |2 gnd | |
| 650 | 7 | |a Genealogie |0 (DE-588)4020097-8 |0 (DE-603)085048054 |2 gnd | |
| 651 | 7 | |a Warmuntowice |g Kędzierzyn-Koźle |0 (DE-588)1212892437 |0 (DE-603)466168101 |2 gnd | |
| 651 | 7 | |a Steblów |g Kędzierzyn-Koźle |0 (DE-588)1212945395 |0 (DE-603)466184212 |2 gnd | |
| 700 | 1 | |a Kallabis, Winfried |d 1947- |e Mitwirkender |4 ctb |0 (DE-603)322959241 |0 (DE-588)1036338509 |2 gnd | |
| 773 | 0 | 8 | |i Enthalten in |t Archiv ostdeutscher Familienforscher |d Herne : Arbeitsgem. Ostdt. Familienforscher, 1952- |x 0003-9470 |g Band 24 (2016 [2017]), Seite 32-36 |w (DE-603)04747002X |w (DE-600)300116-7 |
| 924 | 0 | |9 2080 |a (DE-603)1113778067 |b DE-2080 |c HES |d d |g / | |


